[Event "Ulan-Ude Baikal op 13th"]
[Site "Ulan-Ude"]
[Date "2017.07.20"]
[Round "5"]
[White "Yangutov, Aleksey"]
[Black "Damdinova, Auna"]
[Result "1-0"]
[WhiteElo "1948"]
[BlackElo "1672"]
[PlyCount "60"]
[EventDate "2017.07.18"]
[EventType "swiss"]
[EventRounds "9"]
[EventCountry "RUS"]
[SourceTitle "EXT 2018"]
[Source "ChessBase"]
[SourceDate "2017.10.13"]
[SourceVersion "1"]
[SourceVersionDate "2017.10.13"]
[SourceQuality "1"]

1. d4 d5 2. c4 c6 3. Nc3 Nf6 4. Nf3 e6 5. g3 Bd6 6. Bg2 Nbd7 7. 0-0 0-0 8. Nd2 Bc7 9. e4 dxe4 10. Ndxe4 e5 11. d5 Nxe4 12. Nxe4 cxd5 13. cxd5 Bb6 14. Bg5 f6 15. Bd2 f5 16. Bg5 Nf6 17. Nxf6+ gxf6 18. Bh6 Rf7 19. d6 Be6 20. Qd2 Bc5 21. Rfd1 Rd7 22. Bd5 Qe8 23. Qc2 Bxd6 24. Qxf5 Bxd5 25. Rxd5 Qf7 26. Rad1 Rad8 27. Be3 b6 28. a4 Qe7 29. a5 Rb7 30. axb6 axb6 1-0

[Event "Ulan-Ude Baikal op 13th"]
[Site "Ulan-Ude"]
[Date "2017.07.19"]
[Round "2"]
[White "Bazyrtsyrenov, Kirill"]
[Black "Yangutov, Aleksey"]
[Result "1-0"]
[WhiteElo "1681"]
[BlackElo "1948"]
[PlyCount "60"]
[EventDate "2017.07.18"]
[EventType "swiss"]
[EventRounds "9"]
[EventCountry "RUS"]
[SourceTitle "EXT 2018"]
[Source "ChessBase"]
[SourceDate "2017.10.13"]
[SourceVersion "1"]
[SourceVersionDate "2017.10.13"]
[SourceQuality "1"]

1. e4 c5 2. Nf3 Nc6 3. d4 cxd4 4. Nxd4 Nf6 5. Nc3 e5 6. Ndb5 d6 7. Bg5 a6 8. Na3 b5 9. Nd5 Be7 10. Bxf6 Bxf6 11. c4 b4 12. Nc2 0-0 13. g3 a5 14. Bg2 a4 15. b3 Be6 16. 0-0 axb3 17. axb3 Rxa1 18. Qxa1 Bxd5 19. exd5 Na5 20. Qa4 Qb6 21. Ra1 Bd8 22. Qxb4 Qxb4 23. Nxb4 Nxb3 24. Ra6 Nd2 25. Bf1 Bc7 26. Nc6 g6 27. Bd3 Nf3+ 28. Kh1 Re8 29. Be2 e4 30. Kg2 Ne5 1-0